| 000 | 00658nam a22001697a 4500 | ||
|---|---|---|---|
| 003 | NUST | ||
| 082 | _a621.382,TAR | ||
| 100 |
_aTariq, Shehryar _9132847 |
||
| 245 |
_aInnovative Vehicle Support System (Military Convoys) / _cShehryar Tariq, Samar Abbas Khan, Waleed Bin Waheed and Hamza Bahar (BETE-52) |
||
| 260 |
_aRawalpindi _bMCs (NUST) _cMay, 2019 |
||
| 300 | _aiii, 63p.; | ||
| 505 | _aIntroduction (Page-1), Background Study (Page-6), Detailed Design (Page-9), Issued Faced (Page-30), Conclusion (Page-61). | ||
| 650 |
_aUG Project _9131132 |
||
| 651 |
_aBETE-52 _9132848 |
||
| 700 |
_aSupervised by Asst Prof Aimen Aakif _9132849 |
||
| 942 |
_2ddc _cPR |
||
| 999 |
_c615873 _d615873 |
||